000 00485nam a22001457a 4500
005 20260123170221.0
008 260123b |||||||| |||| 00| 0 eng d
041 _aeng
082 _bKAR
100 _aKaranjawane Anushka- 2k241159& Dr. Priyanka Potdar – Guide
_9216485
245 _aA Comprehensive Analysis of Recruitment, HR Operations, and Employee Engagement Strategies
260 _aPune
_bSavitribai Phule Pune University
_c2025
300 _a61p
_bHard Bound
942 _cPR
999 _c370148
_d370148